000 01084nac a22003497a 4500
001 BR7705032
003 BR-BrBNA
005 20240105114137.0
008 230509b bl.|||m| |||| 00| 0 por d
040 _aBR-BrBNA
_bpor
_cBiblioteca Nacional de Agricultura
072 _aL00; E70
090 _a9400 BR7705032
100 1 _aAzevedo, S.C. de
100 1 _aVieira, J.E.
100 1 _aHemerly, F.X.
100 1 _aSalgado, M.M.T.
110 1 _aComissao Estadual de Planejamento Agricola, Vitoria, ES (Brasil)
245 1 _aBoletim de leite, primeiro semestre - 1977 [producao leiteira, Espirito Santo, Brasil]
260 3 _aVitoria, ES (Brasil):
_c1977.
300 _a26 p.
490 _aBoletim de Leite - Comissao Estadual de Planejamento Agricola (Brazil)
_v
_x
500 _a26 tables
650 _aLEITE
650 _aPRODUCAO LEITEIRA
650 _aINDUSTRIA ALIMENTICIA
650 _aPRECO MEDIO
650 _aEXPORTACAO
650 _aCONSUMIDOR
650 _aESPIRITO SANTO
909 _a202312
_bLúcia Elande
_c55
_dLúcia Elande
942 _2AGRIS
_n0
_cMS
999 _c267631
_d267631